यंत्राची मर्यादा (Record no. 1215865)

MARC details
000 -LEADER
fixed length control field 00836nam a2200193Ia 4500
008 - FIXED-LENGTH DATA ELEMENTS--GENERAL INFORMATION
fixed length control field 151121s9999||||xx |||||||||||||| ||und||
082 ## - DEWEY DECIMAL CLASSIFICATION NUMBER
Classification number 814/जोशी
082 ## - DEWEY DECIMAL CLASSIFICATION NUMBER
Item number HNW-10814
100 ## - MAIN ENTRY--PERSONAL NAME
Personal name जोशी ना।ग।-अनु।(परीख नरहरि व्दा।)
245 ## - TITLE STATEMENT
Title यंत्राची मर्यादा
260 ## - PUBLICATION, DISTRIBUTION, ETC. (IMPRINT)
Name of publisher, distributor, etc "सुलभ राष्ट्रीय ग्रंथमाला, पुणे।"
260 ## - PUBLICATION, DISTRIBUTION, ETC. (IMPRINT)
Date of publication, distribution, etc --
300 ## - PHYSICAL DESCRIPTION
Extent 156
600 ## - SUBJECT ADDED ENTRY--PERSONAL NAME
Personal name जोशी ना।ग।-अनु।(परीख नरहरि व्दा।)
630 ## - SUBJECT ADDED ENTRY--UNIFORM TITLE
Uniform title यंत्राची मर्यादा
700 ## - ADDED ENTRY--PERSONAL NAME
Personal name जोशी ना।ग।-अनु।(परीख नरहरि व्दा।)
730 ## - ADDED ENTRY--UNIFORM TITLE
Uniform title यंत्राची मर्यादा
942 ## - ADDED ENTRY ELEMENTS (KOHA)
Koha item type Book
Holdings
Withdrawn status Lost status Damaged status Not for loan Home library Current library Date acquired Cost, normal purchase price Total Checkouts Full call number Barcode Date last seen Cost, replacement price Price effective from Koha item type
        Hirachand Nemchand Wachanalaya, Solapur Hirachand Nemchand Wachanalaya, Solapur 11/21/2015 3.00   HNW-10814 HNW-10814 11/21/2015 3.00 11/21/2015 Book